Law, Migration, and Human Mobility : Mobile Law.

This book analyses the multifaceted ways law operates in the context of human mobility, as well as the ways in which human mobility affects law.

Bibliographic Details
Main Author: Kmak, Magdalena.
Format: eBook
Language:English
Published: Milton : Taylor & Francis Group, 2023.
Edition:1st ed.
Subjects:
Online Access:Click to View
LEADER 01999nam a22003853i 4500
001 EBC30733604
003 MiAaPQ
005 20231204023231.0
006 m o d |
007 cr cnu||||||||
008 231204s2023 xx o ||||0 eng d
020 |a 9781000989038  |q (electronic bk.) 
020 |z 9781032185255 
035 |a (MiAaPQ)EBC30733604 
035 |a (Au-PeEL)EBL30733604 
035 |a (OCoLC)1397571472 
040 |a MiAaPQ  |b eng  |e rda  |e pn  |c MiAaPQ  |d MiAaPQ 
082 0 |a 342.082 
100 1 |a Kmak, Magdalena. 
245 1 0 |a Law, Migration, and Human Mobility :  |b Mobile Law. 
250 |a 1st ed. 
264 1 |a Milton :  |b Taylor & Francis Group,  |c 2023. 
264 4 |c Ã2024. 
300 |a 1 online resource (205 pages) 
336 |a text  |b txt  |2 rdacontent 
337 |a computer  |b c  |2 rdamedia 
338 |a online resource  |b cr  |2 rdacarrier 
505 0 |a Cover -- Half Title -- Title Page -- Copyright Page -- Table of Contents -- About the Author -- List of Abbreviations -- Acknowledgments -- Introduction -- 1. Mobility as a quality of law -- 2. Mobility as a right -- 3. Mobility as a violation of law -- 4. Mobility as a resistance to law -- 5. Mobility as a method of legal knowledge production -- Conclusions -- Bibliography -- Index. 
520 |a This book analyses the multifaceted ways law operates in the context of human mobility, as well as the ways in which human mobility affects law. 
588 |a Description based on publisher supplied metadata and other sources. 
590 |a Electronic reproduction. Ann Arbor, Michigan : ProQuest Ebook Central, 2023. Available via World Wide Web. Access may be limited to ProQuest Ebook Central affiliated libraries.  
655 4 |a Electronic books. 
776 0 8 |i Print version:  |a Kmak, Magdalena  |t Law, Migration, and Human Mobility  |d Milton : Taylor & Francis Group,c2023  |z 9781032185255 
797 2 |a ProQuest (Firm) 
856 4 0 |u https://ebookcentral.proquest.com/lib/matrademy/detail.action?docID=30733604  |z Click to View